000 00631nam a2200193 a 4500
001 000030774
005 20240412074255.0
008 110530s1939 dr r 000 j spa d
040 _aDO-SdBNP
_bspa
_cBNPHU
082 _aRD863.4
_bS197f
100 1 _aSanabia, Rafael Emilio
_e1888-1973
_926438
245 1 3 _aEl flechador de aventuras /
_cRafael Emilio Sanabia.
260 _aCiudad Trujillo, República Dominicana :
_bMontalvo,
_c1939.
300 _a121 p. ;
_c19 cm.
590 _aInventariado, 2018/BT
650 0 _aCuentos dominicanos
_9176
650 0 _aLiteratura dominicana.
_967
910 _aValidado. Control de calidad MFF
999 _c30266
_d30266